000 00699nam a2200205Ii 4500
003 JO-AjNU
008 230605s9999||||xx |||||||||||||| ||und||
040 _aJO-AjNU
_bara
_erda
_cJO-AjNU
041 _aara
050 1 4 _aPJ7521 2004
100 3 _aحمود،محمد,
_eauthor
_924237
245 0 0 _aادباء وشعراء العرب ولي الدين يكن بين (بيض الصحائف وسود التجاريب)
250 _aط1
264 3 1 _aبيروت: دار الفكر اللبناني،2004
300 _a190ص
336 _atext
_btxt
_2rdacontent
337 _aunmediated
_bn
_2rdamedia
338 _avolume
_bnc
_2rdacarrier
650 4 _aالادباء العرب- تراجم
_924238
999 _aA8894
_c12462
_d12462